Colombia en la presidencia de los no alineados / (Registro nro. 5271)
[ vista simple ]
| 000 -LEADER | |
|---|---|
| fixed length control field | 01353nam a2200277Ia 4500 |
| 003 - CONTROL NUMBER IDENTIFIER | |
| control field | OSt |
| 005 - DATE AND TIME OF LATEST TRANSACTION | |
| control field | 20200507115041.0 |
| 008 - FIXED-LENGTH DATA ELEMENTS--GENERAL INFORMATION | |
| fixed length control field | 191128s1995 ck gr 000 0 spa d |
| 020 ## - INTERNATIONAL STANDARD BOOK NUMBER | |
| International Standard Book Number | 9589272614 |
| 040 ## - CATALOGING SOURCE | |
| Original cataloging agency | CO-JMCR |
| Transcribing agency | CO-JMCR |
| 041 0# - LANGUAGE CODE | |
| Language code of text/sound track or separate title | spa |
| 082 04 - DEWEY DECIMAL CLASSIFICATION NUMBER | |
| Classification number | 327.172 / |
| Item number | R741c |
| Edition number | 23 |
| 100 1# - MAIN ENTRY--PERSONAL NAME | |
| Personal name | Rojas, Fernando, |
| Relator term | autor |
| 9 (RLIN) | 4078 |
| 245 10 - TITLE STATEMENT | |
| Title | Colombia en la presidencia de los no alineados / |
| Statement of responsibility, etc. | Fernando Rojas, Marco Palacios y Socorro Ramírez [y otros] |
| 250 ## - EDITION STATEMENT | |
| Edition statement | 1a edición |
| 260 ## - PUBLICATION, DISTRIBUTION, ETC. | |
| Place of publication, distribution, etc. | Bogotá : |
| Name of publisher, distributor, etc. | Fundación Friedrich Ebert de Colombia, |
| Date of publication, distribution, etc. | 1995 |
| 300 ## - PHYSICAL DESCRIPTION | |
| Extent | 109 páginas ; |
| Dimensions | 21 cm. |
| 505 0# - FORMATTED CONTENTS NOTE | |
| Formatted contents note | Síntesis de la intervención introductoria del Ministro de relaciones exteriores de Colombia Rodrigo Pardo -- Tradición histórica y futuro de los no alineados -- El sentido del movimiento de países no alineados y de la presidencia de Colombia |
| 520 ## - SUMMARY, ETC. | |
| Summary, etc. | Colombia, al presidir el movimiento de países no alineados entre 1995 y 1998, tiene la oportunidad de influis de manera significativa en la orientación del movimiento y por esa vía en la estructuración de un orden internacional. |
| 650 14 - SUBJECT ADDED ENTRY--TOPICAL TERM | |
| Topical term or geographic name entry element | Política exterior |
| 9 (RLIN) | 4079 |
| 650 14 - SUBJECT ADDED ENTRY--TOPICAL TERM | |
| Topical term or geographic name entry element | Cooperación internacional |
| 9 (RLIN) | 4080 |
| 650 14 - SUBJECT ADDED ENTRY--TOPICAL TERM | |
| Topical term or geographic name entry element | Países no alineados |
| 9 (RLIN) | 4045 |
| 700 1# - ADDED ENTRY--PERSONAL NAME | |
| Personal name | Palacios, Marco, |
| Relator term | autor |
| 9 (RLIN) | 4081 |
| 700 1# - ADDED ENTRY--PERSONAL NAME | |
| Personal name | Ramírez, Socorro, |
| Relator term | autora |
| 9 (RLIN) | 4082 |
| 942 ## - ADDED ENTRY ELEMENTS (KOHA) | |
| Source of classification or shelving scheme | Dewey Decimal Classification |
| Koha item type | Books |
| Withdrawn status | Lost status | Source of classification or shelving scheme | Damaged status | Not for loan | Collection code | Home library | Current library | Date acquired | Source of acquisition | Cost, normal purchase price | Total Checkouts | Full call number | Barcode | Date last seen | Copy number | Koha item type |
|---|---|---|---|---|---|---|---|---|---|---|---|---|---|---|---|---|
| Dewey Decimal Classification | Non-fiction | Biblioteca Pública José María del Castillo y Rada | Biblioteca Pública José María del Castillo y Rada | 04/15/2018 | Donación | 0.00 | 327.172 / R741c | 430001613 | 05/16/2024 | Ej.1 | Books |